[Event "AUTO-INT-384"]
[Site "http://www.queenalice.com/game.php?id=183628"]
[Date "2007.3.17"]
[Round "1"]
[White "Times"]
[Black "takadiyi"]
[Result "0-1"]
[WhiteElo "1677"]
[BlackElo "1638"]

1. e4 d6 2. d4 e6 3. Nf3 Nf6 4. Nc3 Be7 5. Be2 O-O 6. h3 c6 7. e5 dxe5 8. dxe5
Nd5 9. Nxd5 exd5 10. Bd2 f6 11. exf6 Bxf6 12. c3 Kh8 13. O-O Nd7 14. Re1 Re8 15.
Qc2 Ne5 16. Nxe5 Rxe5 17. Bd3 g6 18. Rxe5 Bxe5 19. Re1 Bf6 20. c4 dxc4 21. Bxc4
Bf5 22. Qd1 b5 23. Be2 Bxb2 24. Be3 Qxd1 25. Rxd1 a5 26. Bd3 Rd8 27. Be2 Rxd1+
28. Bxd1 b4 29. Bb6 c5 30. Bxc5 Bc3 31. Ba4 Kg7 32. Bb6 Bb1 33. Bb3 a4 34. Bxa4
Bxa2 35. Kf1 b3 36. Ke2 b2 37. Bc2 b1=Q 38. Bxb1 Bxb1 39. Ke3 Ba2 40. f4 Bd5 41.
Bd4+ Bxd4+ 0-1

[Event "AUTO-INT-384"]
[Site "http://www.queenalice.com/game.php?id=183629"]
[Date "2007.3.17"]
[Round "1"]
[White "takadiyi"]
[Black "Times"]
[Result "0-1"]
[WhiteElo "1634"]
[BlackElo "1525"]

1. e4 c5 2. Bc4 d6 3. Nf3 Bg4 4. Nc3 Nf6 5. Ne5 dxe5 6. f3 Bd7 7. O-O Nc6 8. Kh1
e6 9. d3 Be7 10. a3 a6 11. Bd2 h6 12. Be3 Na5 13. Ne2 Nxc4 14. dxc4 O-O 15. b3
b5 16. a4 bxa4 17. Nc3 axb3 18. cxb3 Qb8 19. f4 a5 20. f5 Bc6 21. fxe6 Qb4 22.
exf7+ Rxf7 23. h3 Qxc3 24. Bd2 Qd4 25. Rxa5 Rxa5 26. Bxa5 Qxe4 27. Rg1 Bd7 28.
Rf1 Qa8 29. Bc3 Bxh3 30. Rg1 Ne4 31. Bxe5 Nf2+ 0-1

[Event "AUTO-INT-384"]
[Site "http://www.queenalice.com/game.php?id=183630"]
[Date "2007.3.17"]
[Round "1"]
[White "Times"]
[Black "hugo10"]
[Result "1-0"]
[WhiteElo "1627"]
[BlackElo "1529"]

1. Nf3 Nc6 2. g3 e5 3. e4 Nf6 4. Nc3 Bc5 5. Bg2 Ng4 6. O-O Nd4 7. d3 c6 8. Bh3
d5 9. Bg2 dxe4 10. dxe4 Nxf3+ 11. Bxf3 Nf6 12. Qxd8+ Kxd8 13. Bg5 h6 14. Bxf6+
Ke8 15. Bxg7 Rg8 16. Bxe5 a6 17. Rfd1 Be6 18. Na4 Ba7 19. Nc3 b5 20. Bf4 f5 21.
Bxh6 b4 22. Ne2 Rh8 23. Bf4 Bc4 24. Rd4 Bxd4 25. Nxd4 Rd8 26. Nxf5 Rf8 27. Ng7+
Kf7 28. Nf5 a5 29. a3 b3 30. cxb3 Bxb3 31. Bc7 Rc8 32. Nd6+ Ke7 33. Nxc8+ Rxc8
34. Bxa5 c5 35. Bd1 Bc4 36. Bc3 Bd3 37. Bf3 c4 38. a4 Ke6 39. a5 Ra8 40. Bg2 Ra6
41. f3 Bc2 42. Kf2 Bd3 43. Bf1 Bxf1 44. Kxf1 Ke7 45. Kg2 Kf7 46. f4 Kg6 47. Kf3
Kf7 48. Ke3 Ke6 49. Kd4 Rc6 50. a6 Rc8 51. a7 Ra8 52. Kxc4 Kd6 53. Be5+ Ke6 54.
Kc5 Kd7 55. Kb6 Kc8 56. Rc1+ Kd7 57. Rc7+ Kd8 58. f5 Ke8 59. Kb7 Rd8 60. Rc8
Rxc8 61. Kxc8 1-0

[Event "AUTO-INT-384"]
[Site "http://www.queenalice.com/game.php?id=183631"]
[Date "2007.3.17"]
[Round "1"]
[White "hugo10"]
[Black "Times"]
[Result "0-1"]
[WhiteElo "1370"]
[BlackElo "1500"]

1. e4 c5 2. Bc4 d6 3. Nf3 h6 4. Na3 Nf6 5. e5 dxe5 6. Nxe5 e6 7. c3 Bd6 8. d4
cxd4 9. cxd4 Bxe5 10. dxe5 Qxd1+ 11. Kxd1 Ng4 12. Ke1 Nxe5 13. Bb3 Nbc6 14. Ba4
Bd7 15. Nb5 O-O 16. Bf4 Rfc8 17. Nd6 Rc7 18. Nxb7 Rb8 19. Bxe5 Nxe5 20. Bxd7
Rbxb7 21. Ba4 Nd3+ 22. Kf1 Rxb2 23. Rd1 Nxf2 24. g4 Nxh1 25. Rd8+ Kh7 26. h4
Rc1+ 27. Bd1 Rxa2 28. Rd7 e5 29. Ke1 Nf2 30. Rd2 Rxd2 31. g5 Rcxd1# 0-1

[Event "AUTO-INT-384"]
[Site "http://www.queenalice.com/game.php?id=322828"]
[Date "2007.12.19"]
[Round "2"]
[White "gibam"]
[Black "Times"]
[Result "1-0"]
[WhiteElo "1756"]
[BlackElo "1569"]

1. e4 c5 2. Bc4 d6 3. Qf3 Nf6 4. d3 e6 5. Bg5 Be7 6. Nc3 Nc6 7. Nge2 h6 8. Bxf6
Bxf6 9. O-O-O O-O 10. g3 Bxc3 11. Nxc3 f5 12. Qe3 Ne5 13. h3 Nxc4 14. Qe2 Nb6
15. f4 fxe4 16. dxe4 Qe7 17. Qh5 Qf7 18. Qf3 1-0

[Event "AUTO-INT-384"]
[Site "http://www.queenalice.com/game.php?id=322829"]
[Date "2007.12.19"]
[Round "2"]
[White "Times"]
[Black "gibam"]
[Result "0-1"]
[WhiteElo "1585"]
[BlackElo "1773"]

1. Nf3 d5 2. d4 Bf5 3. Nc3 Nc6 4. e3 Nb4 5. Bd3 Qd7 6. Ne5 Qe6 7. Bb5+ c6 8. Ba4
g6 9. a3 Na6 10. b4 b5 11. Bb3 Bg7 12. O-O Nf6 13. Re1 O-O 14. f3 Nd7 15. Nxd7
Qxd7 16. Ne2 Nc7 0-1

[Event "AUTO-INT-384"]
[Site "http://www.queenalice.com/game.php?id=322832"]
[Date "2007.12.19"]
[Round "2"]
[White "takadiyi"]
[Black "Times"]
[Result "1-0"]
[WhiteElo "1606"]
[BlackElo "1659"]

1. e4 c5 2. Nf3 d6 3. Nc3 Nf6 4. Bc4 h6 5. e5 dxe5 6. Nxe5 e6 7. O-O Nbd7 8. Bb5
a6 9. Bxd7+ Bxd7 10. d3 Be7 11. Be3 Bd6 12. Ng4 1-0

[Event "AUTO-INT-384"]
[Site "http://www.queenalice.com/game.php?id=322833"]
[Date "2007.12.19"]
[Round "2"]
[White "Times"]
[Black "takadiyi"]
[Result "0-1"]
[WhiteElo "1618"]
[BlackElo "1624"]

1. Nf3 d6 2. d4 Nf6 3. e3 e6 4. Nc3 d5 5. Be2 Nc6 6. Bd2 Bd6 7. Nb5 O-O 8. Nxd6
Qxd6 9. a3 e5 10. Bb5 e4 11. Bxc6 Qxc6 12. Ne5 Qe6 0-1

[Event "AUTO-INT-384"]
[Site "http://www.queenalice.com/game.php?id=322836"]
[Date "2007.12.19"]
[Round "2"]
[White "Times"]
[Black "kloosterveen"]
[Result "1/2-1/2"]
[WhiteElo "1622"]
[BlackElo "1988"]

1. Nf3 d5 2. d4 e6 3. Nc3 c5 4. e3 c4 5. g3 Nf6 6. a3 g6 7. Bg2 Bg7 8. O-O O-O
9. Re1 Nc6 10. Na2 Ne4 11. Nd2 Nxd2 12. Qxd2 f5 13. b3 cxb3 14. cxb3 Bd7 15. b4
Qc7 16. Bb2 a5 17. b5 Ne7 18. Rec1 Qd6 19. a4 Kf7 20. Rc2 h5 21. Bc3 Qb6 22. Nc1
Qd6 23. Bxa5 Rfc8 24. Raa2 Rxc2 25. Rxc2 Qa3 26. Bb4 Qa1 27. Ra2 Qb1 28. Bf1 Rc8
29. Ne2 g5 30. Rb2 Qa1 31. Ra2 Qb1 32. Rb2 Qa1 1/2-1/2

[Event "AUTO-INT-384"]
[Site "http://www.queenalice.com/game.php?id=322837"]
[Date "2007.12.19"]
[Round "2"]
[White "kloosterveen"]
[Black "Times"]
[Result "1-0"]
[WhiteElo "2033"]
[BlackElo "1622"]

1. d4 Nf6 2. e3 d5 3. c4 e6 4. cxd5 Nxd5 5. Bd2 Nc6 6. Nf3 Be7 7. g3 Bd7 8. Bg2
Nf6 9. O-O a6 10. Qb3 b5 11. Ne5 Rb8 12. Bxc6 1-0

[Event "Let's Play Chess!"]
[Site "http://www.queenalice.com/game.php?id=462301"]
[Date "2008.9.12"]
[Round "-"]
[White "Times"]
[Black "spawnwolfwolverine"]
[Result "1-0"]
[WhiteElo "1559"]
[BlackElo "1632"]

1. e4 e5 2. Nf3 d6 3. Nc3 Bg4 4. Be2 Nf6 5. d3 Be7 6. Bd2 O-O 7. h3 Bxf3 8. Bxf3
Nc6 9. a3 a6 10. b4 Nd4 11. Be3 Nxf3+ 12. Qxf3 c6 13. Qg3 g6 14. h4 d5 15. Qxe5
dxe4 16. Nxe4 Nxe4 17. Qxe4 f5 18. Qe6+ Kg7 19. Bd4+ Bf6 20. Bxf6+ Qxf6 21.
Qxf6+ Rxf6 22. O-O b5 23. Rfe1 Kf7 24. Re2 Re8 25. Rxe8 Kxe8 26. Re1+ Kd7 27.
Rd1 Kd6 28. c4 h6 29. c5+ Kd5 30. Kf1 h5 31. Ke2 Kd4 32. Re1 f4 33. Kd2 Kd5 34.
Re8 Re6 35. Ra8 Re5 36. Rxa6 g5 37. d4 Rf5 38. Kd3 gxh4 39. Ra8 h3 40. gxh3 Rg5
41. Rd8+ Ke6 42. Rd6+ Kf5 43. Rxc6 Rg2 44. Ke2 h4 45. d5 Ke4 46. d6 Rg1 47. d7
f3+ 48. Kd2 Rg2 49. d8=Q Rxf2+ 50. Ke1 Re2+ 51. Kf1 Ra2 52. Qe7+ Kd4 53. Rd6+
Kc4 54. Qe6+ Kc3 55. Qxa2 f2 56. Qxf2 Kb3 57. Qe3+ Kb2 58. Rd2+ Kc1 59. Qe1# 1-0

[Event "Let's Play Chess!"]
[Site "http://www.queenalice.com/game.php?id=462302"]
[Date "2008.9.12"]
[Round "-"]
[White "spawnwolfwolverine"]
[Black "Times"]
[Result "1/2-1/2"]
[WhiteElo "1643"]
[BlackElo "1553"]

1. c4 e5 2. d3 Nc6 3. e4 Be7 4. Nf3 Nf6 5. Be2 b6 6. O-O Bb7 7. Nc3 h6 8. a3 Bc5
9. b4 Be7 10. b5 Na5 11. a4 Bb4 12. Bb2 d6 13. Nd5 Nxd5 14. cxd5 Bc5 15. Bc3 Bc8
16. Rb1 Nb7 17. h3 Bd7 18. Nh2 Qg5 19. g4 h5 20. Kg2 hxg4 21. Bxg4 Bxg4 22. Qxg4
Qxg4+ 23. hxg4 O-O-O 24. f4 f6 25. f5 Rh7 26. Rh1 Rdh8 27. Nf3 Be3 28. Rxh7 Rxh7
29. Rh1 Rh6 30. Rxh6 gxh6 31. Nh4 Bg5 32. Ng6 Nc5 33. Ne7+ Kd7 34. Nc6 Nxa4 35.
Bb4 Nb2 36. Nxa7 Nxd3 37. Bc3 Nf4+ 38. Kf3 Nd3 39. Nc6 Nf4 40. Bd2 Ke8 41. Bxf4
Bxf4 42. Nb4 Kd7 43. Nd3 Ke7 44. Nxf4 exf4 45. Kxf4 Kf7 1/2-1/2

[Event "Let's Play Chess!"]
[Site "http://www.queenalice.com/game.php?id=529373"]
[Date "2009.1.25"]
[Round "-"]
[White "pauldavidkrewson"]
[Black "Times"]
[Result "0-1"]
[WhiteElo "1470"]
[BlackElo "1589"]

1. e4 c5 2. d3 d6 3. Nc3 Nc6 4. Nf3 g6 5. Be3 Nf6 6. Be2 Bg7 7. O-O Bd7 8. Qd2
a6 9. Rab1 b5 10. a4 b4 11. Nd5 Nxd5 12. exd5 Na5 13. c4 Bxa4 14. Bh6 O-O 15. d4
Re8 16. dxc5 dxc5 17. Ra1 Nb3 18. Qf4 Nxa1 19. Rxa1 Bd7 20. b3 Bxa1 21. Ne5 Bxe5
22. Qxe5 f6 23. Qe3 Qc7 24. h4 Qe5 25. Bf4 Qxe3 26. Bxe3 Rec8 27. Bf3 a5 28. g4
a4 29. bxa4 Rxa4 30. Bxc5 Rxc5 0-1

[Event "Let's Play Chess!"]
[Site "http://www.queenalice.com/game.php?id=822978"]
[Date "2010.8.25"]
[Round "-"]
[White "Times"]
[Black "elche"]
[Result "1-0"]
[WhiteElo "1588"]
[BlackElo "1734"]

1. e4 c5 2. Nf3 Nc6 3. d4 cxd4 4. Nxd4 Nf6 5. Nc3 e5 6. Ndb5 d6 7. Bg5 a6 8. Na3
Be7 9. Nc4 Nd4 10. f3 O-O 11. Bd3 b5 12. Ne3 Re8 13. O-O Bb7 14. Kh1 Nh5 15.
Bxe7 Qxe7 16. Qe1 Nf4 17. Qg3 Nde2 18. Nxe2 Nxe2 19. Bxe2 f6 20. Nf5 Qd7 21.
Rad1 1-0

[Event "AUTO-ADV-2153"]
[Site "http://www.queenalice.com/game.php?id=935743"]
[Date "2011.5.8"]
[Round "1"]
[White "NickThorp"]
[Black "Times"]
[Result "1-0"]
[WhiteElo "1861"]
[BlackElo "1617"]

1. e4 e5 2. Nf3 d6 3. Bb5+ Bd7 4. Bxd7+ Nxd7 5. O-O Ngf6 6. Nc3 Be7 7. d3 O-O 8.
Bg5 h6 9. Bxf6 Bxf6 10. Nd5 Be7 11. d4 exd4 12. Qxd4 Kh8 13. Rae1 1-0

[Event "AUTO-ADV-2153"]
[Site "http://www.queenalice.com/game.php?id=935744"]
[Date "2011.5.8"]
[Round "1"]
[White "Times"]
[Black "NickThorp"]
[Result "0-1"]
[WhiteElo "1609"]
[BlackElo "1867"]

1. e4 e5 2. d4 exd4 3. Qxd4 Nc6 4. Qd1 Nf6 5. f3 Bb4+ 6. Bd2 O-O 7. Nc3 d5 8. a3
Bc5 9. Bb5 Nd4 10. e5 Ne8 11. Bxe8 Rxe8 12. Bf4 Qh4+ 13. Bg3 Qh5 14. Nge2 Bf5
0-1

[Event "Let's Play Chess!"]
[Site "http://www.queenalice.com/game.php?id=1158064"]
[Date "2013.3.6"]
[Round "-"]
[White "GiulioTorino"]
[Black "Times"]
[Result "1-0"]
[WhiteElo "1819"]
[BlackElo "1574"]

1. e4 c5 2. d4 cxd4 3. c3 dxc3 4. Nxc3 e5 5. Nf3 d6 6. Bc4 h6 7. b4 Nf6 8. Nd5
Nxe4 9. Qd3 Nf6 10. Qb3 Nbd7 11. O-O Nxd5 12. Bxd5 Qf6 13. h3 Be7 14. Be3 O-O
15. Rac1 Nb6 16. Rc7 Nxd5 17. Qxd5 Rb8 18. Bxa7 Ra8 19. Bb6 Rxa2 20. Qxa2 d5 21.
Bc5 Bxc5 22. bxc5 e4 23. Nd2 Qe5 24. Qa5 d4 25. Qb6 Qf4 26. Nc4 1-0

[Event "Let's Play Chess!"]
[Site "http://www.queenalice.com/game.php?id=1158065"]
[Date "2013.3.5"]
[Round "-"]
[White "GiulioTorino"]
[Black "Times"]
[Result "1-0"]
[WhiteElo "1772"]
[BlackElo "1568"]

1. d4 d5 2. c4 e6 3. Nc3 Nf6 4. Nf3 Be7 5. Bg5 h6 6. Bh4 c6 7. Qd3 Nbd7 8. e4
dxe4 9. Nxe4 O-O 10. Qe3 Bb4+ 11. Nc3 Be7 12. Rd1 Re8 13. Bxf6 Nxf6 14. Bd3 Bd7
15. Ne4 Qa5+ 16. Nfd2 Qxa2 17. b3 Qa5 18. Nxf6+ Bxf6 19. Qe4 Qd8 20. Nf3 Qb6 21.
Rb1 Qb4+ 22. Ke2 g6 23. h4 h5 24. Ne5 Bxe5 25. d5 exd5 26. cxd5 Qxe4+ 27. Bxe4
Bd6 28. Kd3 cxd5 29. Bxd5 Rab8 30. f3 Bf5+ 31. Be4 Be6 32. b4 Red8 33. Ke3 f5
34. Bd3 Re8 35. Kf2 a6 36. Be2 b5 37. Rbc1 Bxb4 38. Rc7 Bd5 39. Rd1 Bb7 40. Rdd7
Ba8 41. Rg7+ Kf8 42. Rcf7# 1-0

[Event "Let's Play Chess!"]
[Site "http://www.queenalice.com/game.php?id=1844034"]
[Date "2024.9.26"]
[Round "-"]
[White "Scar"]
[Black "Times"]
[Result "0-1"]
[WhiteElo "1760"]
[BlackElo "1560"]

1. e4 e5 2. d4 f6 3. d5 d6 4. c4 Ne7 5. b4 Nd7 6. Be3 c6 7. Nc3 Nb6 8. c5 dxc5
9. bxc5 Nd7 10. d6 Ng6 11. g3 Qa5 12. Ne2 Nxc5 13. Bxc5 Qxc5 14. Na4 Qxd6 15.
Qxd6 Bxd6 16. Rd1 Bb4+ 17. Nac3 O-O 18. Bg2 Be6 19. O-O Bxc3 20. Nxc3 Rfd8 21.
Rxd8+ Rxd8 22. f3 b5 23. a3 Rd3 24. Ne2 Rxa3 25. f4 Bc4 26. Bf3 Ra2 27. Kf2 Bxe2
28. Bxe2 exf4 29. gxf4 Nxf4 30. Re1 Nd3+ 31. Kf1 Nxe1 32. Kxe1 b4 33. Bc4+ Kf8
34. Bxa2 c5 35. Kd2 Ke7 36. Kd3 Kd6 37. Bd5 a5 38. Kc4 a4 39. Bg8 a3 40. Kb3 h6
41. Bf7 Ke5 42. Bd5 f5 43. Kc2 fxe4 44. Bb3 e3 45. Kd3 Kf4 46. Ke2 g5 47. Bc4 h5
48. Bd5 h4 0-1